| 000 | 00718naa a22002177a 4500 | ||
|---|---|---|---|
| 001 | vtls000009330 | ||
| 003 | ES-BaIT | ||
| 005 | 20241217173057.0 | ||
| 007 | t| | ||
| 008 | 111114s1991 sp o || |00| |spa|d | ||
| 010 | _a9330 | ||
| 035 | _a0009-33060 | ||
| 039 | 9 |
_a201701301335 _bAUTHORITY _c201403072143 _dVLOAD _c201303091838 _dVLOAD _c201111141446 _dVLOAD |
|
| 100 | 1 |
_aGarcía, Rodrigo, _d1964- _966514 |
|
| 245 | 1 | 0 |
_aMartillo / _cRodrigo García |
| 500 | _aP5: D2, H2 i altres | ||
| 773 | 0 |
_aGarcía, Rodrigo. _d[Madrid]: Ministerio de Cultura, D.L.1991 _gp.77-148 _wvtls000009326 _z84-87797-02-4 _07899 _tAcera derecha ; Martillo ; Matando horas |
|
| 790 | _w0009-32660 | ||
| 790 | _a000932660 | ||
| 942 |
_cART _2udc |
||
| 999 |
_c7903 _d7903 |
||